Quiz piłkarski 21! - Statystyki

Ogólne statystyki
  • Ten quiz został rozwiązany 21 razy
  • Średni wynik to 5 z 20
Statystyki odpowiedzi
Numer Sezon Klub Zawodnik % Poprawnych
16 11/12 Borussia D Blaszczykowski
62%
92 17/18 Roma El Shaarawy
62%
11 10/11 Milan Ibrahimovic
48%
9 16/17 Inter Icardi
43%
14 15/16 Leicester Kante
38%
10 05/06 Real Madryt Robinho
33%
24 14/15 PSG Verratti
33%
9 15/16 Liverpool Benteke
29%
13 13/14 Atletico Madryt Courtois
29%
21 13/14 Chelsea Matic
24%
4 16/17 Arsenal Mertesacker
24%
7 12/13 Manchester United Valencia
24%
33 19/20 Lazio Acerbi
19%
31 02/03 Barcelona Motta
19%
11 12/13 Bayern Shaqiri
19%
16 17/18 Villarreal Rodri
14%
24 09/10 Manchester City Vieira
14%
18 17/18 Tottenham Llorente
5%
50 06/07 Juventus Cannavaro
0%
25 10/11 Sevilla Rakitic
0%
Nie znaleziono quizów pasujących do podanych kryteriów
Rozkład punktacji
Procent ludzi z każdym wynikiem
Percentyl według liczby udzielonych odpowiedzi
Twoja historia wyników
Nie rozwiązałeś tego quizu